Joannis Devoti, dei et apostolice sedis gratia episcopi ananiensis, institutionum canonicarum. (Record no. 8779)

MARC details
000 -CABECERA
campo de control de longitud fija 00731nam a2200217 a 4500
001 - NÚMERO DE CONTROL
campo de control BRCA_9131
005 - FECHA Y HORA DE LA ÚLTIMA TRANSACCIÓN
campo de control 20190320210529.0
008 - DATOS DE LONGITUD FIJA--INFORMACIÓN GENERAL
campo de control de longitud fija 061017s1801----sp-#######---#000-0#lat-#
041 ## - CÓDIGO DE LENGUA
Código de lengua del texto/banda sonora o título independiente lat
044 ## - CÓDIGO DEL PAÍS DE LA ENTIDAD EDITORA/PRODUCTORA
Código MARC del país sp
084 ## - OTRO NÚMERO DE CLASIFICACIÓN
Número de clasificación BE70
Número de documento/Ítem .D48 1801
100 1# - ENTRADA PRINCIPAL--NOMBRE DE PERSONA
Nombre de persona Devoti, Joannis
9 (RLIN) 22510
245 10 - MENCIÓN DE TÍTULO
Título Joannis Devoti, dei et apostolice sedis gratia episcopi ananiensis, institutionum canonicarum.
Resto del título Libri IV: tomus primur.
260 ## - PUBLICACIÓN, DISTRIBUCIÓN, ETC.
Lugar de publicación, distribución, etc. Matriti
Nombre del editor, distribuidor, etc. Excudebat Raymundus Ruiz
Fecha de publicación, distribución, etc. 1801
300 ## - DESCRIPCIÓN FÍSICA
Extensión 352 p. (t.1, libro 4)
Dimensiones 21 x 15.5 cm
500 ## - NOTA GENERAL
Nota general Estado físico: presenta encuadernación en pergamino con
500 ## - NOTA GENERAL
Nota general Superiorum Facultate
650 14 - PUNTO DE ACCESO ADICIONAL DE MATERIA--TÉRMINO DE MATERIA
Término de materia o nombre geográfico como elemento de entrada Derecho canónico
Subdivisión cronológica Obras anteriores a 1900
9 (RLIN) 22163
902 ## - CATALOGADOR
Iniciales CFM
942 ## - ELEMENTOS DE PUNTO DE ACCESO ADICIONAL (KOHA)
Fuente del sistema de clasificación o colocación Library of Congress Classification
Tipo de ítem Koha Libros
Holdings
Estado de retiro Estado de pérdida Estado dañado No para préstamo Localización permanente Ubicación/localización actual Fecha de adquisición Total de préstamos Signatura topográfica completa Código de barras Fecha visto por última vez Precio válido a partir de Tipo de ítem Koha
El ejemplar forma parte de la colección y puede ser consultado según las políticas vigentes.       Biblioteca del Museo Franz Mayer (Rogerio Casas-Alatriste) Biblioteca del Museo Franz Mayer (Rogerio Casas-Alatriste) 06/10/2017   BE70 .D48 1801 9892 22/03/2019 22/03/2019 Libros